| 000 | 01145cam a2200289 a 4500 | ||
|---|---|---|---|
| 001 | 2030859 | ||
| 005 | 19980702082559.2 | ||
| 008 | 920323s1992 enkab | b 001 0 eng d | ||
| 010 | _a 92010139 | ||
| 020 | _a0582059194 (cased) | ||
| 020 | _a058205883X (pbk.) | ||
| 040 |
_aDLC _cDLC _dDLC |
||
| 043 | _ae------ | ||
| 050 | 0 | 0 |
_aHC241.2 _b.E8573 1992 |
| 082 | 0 | 0 |
_a330.94 _220 _bEUR |
| 245 | 0 | 4 |
_aThe European Economy / _cEdited by David A. Dyker. |
| 260 |
_aLondon : _bLongman, _cc1992. |
||
| 300 |
_avi, 364 p. : _bill., map ; _c26 cm. |
||
| 504 | _aIncludes bibliographical references and index. | ||
| 610 | 2 | 0 |
_aEuropean Economic Community. _910949 |
| 651 | 0 |
_aEurope _xEconomic integration. _910950 |
|
| 651 | 0 |
_aEuropean Economic Community countries _xEconomic conditions. _910951 |
|
| 700 | 1 |
_aDyker, David A. _910952 |
|
| 942 |
_2ddc _cBB |
||
| 999 |
_c13277 _d13277 |
||